[Event "Oberliga Ost A 2016 2017"]
[Site "Germany"]
[Date "2017.05.06"]
[Round "10.6"]
[White "Boehm, Robert"]
[Black "Horvath, Julia"]
[Result "1-0"]
[WhiteElo "2133"]
[BlackElo "2161"]
[PlyCount "63"]
[EventDate "2016.10.16"]
[EventType "team-tourn"]
[EventCountry "GER"]
[WhiteTeam "Hoyerswerda FVS ASP"]
[BlackTeam "Magdeburg SV Rochade"]
[WhiteTeamCountry "GER"]
[BlackTeamCountry "GER"]

1. d4 f5 2. Nf3 Nf6 3. c4 d6 4. e3 g6 5. b4 Bg7 6. Bb2 Ne4 7. Qc2 e6 8. Bd3 d5
9. O-O O-O 10. Nc3 c6 11. b5 Nxc3 12. Bxc3 cxb5 13. cxb5 Bd7 14. Bb4 Re8 15. a4
a6 16. Rac1 axb5 17. axb5 Bc8 18. Qc7 Nd7 19. Bd6 Bf6 20. g3 Qxc7 21. Rxc7 Bd8
22. Rc2 Nf6 23. Rfc1 Bd7 24. Ne5 Bb6 25. Bc7 Ba5 26. Bxa5 Rxa5 27. Nxd7 Nxd7
28. Rc7 Nb6 29. Rxb7 Nc4 30. Bxc4 Rc8 31. b6 Rc6 32. Ra7 1-0

[Event "Oberliga Ost A 2016 2017"]
[Site "Germany"]
[Date "2017.05.06"]
[Round "10.7"]
[White "Kahe, Ralph"]
[Black "Schuh, Ruediger"]
[Result "1-0"]
[WhiteElo "2147"]
[BlackElo "2026"]
[PlyCount "67"]
[EventDate "2016.10.16"]
[EventType "team-tourn"]
[EventCountry "GER"]
[WhiteTeam "Magdeburg SV Rochade"]
[BlackTeam "Hoyerswerda FVS ASP"]
[WhiteTeamCountry "GER"]
[BlackTeamCountry "GER"]

1. d4 Nf6 2. c4 c5 3. d5 g6 4. Nc3 Bg7 5. e4 d6 6. Bd3 O-O 7. Nge2 Na6 8. O-O
Nc7 9. h3 e6 10. a4 exd5 11. cxd5 Rb8 12. Bg5 h6 13. Bh4 a6 14. f4 Qd7 15. a5
b5 16. axb6 Rxb6 17. Qd2 Rb4 18. Ra2 Bb7 19. Bf2 Rb8 20. Ng3 Nb5 21. Bxb5 axb5
22. e5 Nh5 23. Nge4 dxe5 24. Nxc5 Qf5 25. fxe5 Bxe5 26. Nxb7 Rxb7 27. Qxh6 Rf4
28. Ra8+ Rb8 29. Rxb8+ Bxb8 30. Re1 Be5 31. Bc5 Qc8 32. Rxe5 Qxc5+ 33. Kh2 Qc8
34. Rxh5 1-0

[Event "Oberliga Ost A 2016 2017"]
[Site "Germany"]
[Date "2017.05.06"]
[Round "10.8"]
[White "Kregelin, Jan"]
[Black "Pesztericz, Laszlo"]
[Result "1/2-1/2"]
[WhiteElo "2101"]
[BlackElo "2106"]
[PlyCount "29"]
[EventDate "2016.10.16"]
[EventType "team-tourn"]
[EventCountry "GER"]
[WhiteTeam "Hoyerswerda FVS ASP"]
[BlackTeam "Magdeburg SV Rochade"]
[WhiteTeamCountry "GER"]
[BlackTeamCountry "GER"]

1. d4 Nf6 2. Bg5 d5 3. Nf3 Nbd7 4. e3 g6 5. c4 c6 6. Nc3 Bg7 7. Qb3 e6 8. Be2
O-O 9. O-O Qa5 10. Qc2 dxc4 11. Bxc4 e5 12. dxe5 Nxe5 13. Nxe5 Qxe5 14. Bf4 Bf5
15. Bxe5 1/2-1/2

[Event "Oberliga Ost A 2016 2017"]
[Site "Germany"]
[Date "2017.05.06"]
[Round "10.1"]
[White "Reizniece Ozola, Dana"]
[Black "Langrock, Hannes"]
[Result "1/2-1/2"]
[WhiteElo "2253"]
[BlackElo "2405"]
[PlyCount "52"]
[EventDate "2016.10.16"]
[EventType "team-tourn"]
[EventCountry "GER"]
[WhiteTeam "Loeberitz SG"]
[BlackTeam "Leipzig SG"]
[WhiteTeamCountry "GER"]
[BlackTeamCountry "GER"]

1. c4 e5 2. g3 c6 3. Bg2 d5 4. cxd5 cxd5 5. Qb3 Nf6 6. Nc3 Nc6 7. Nxd5 Nd4 8.
Qc4 Nxd5 9. Bxd5 Nc2+ 10. Qxc2 Qxd5 11. Nf3 e4 12. Qa4+ Bd7 13. Qd4 Bc6 14.
Qxd5 Bxd5 15. Nd4 Bc5 16. Nb5 O-O-O 17. Rf1 Bc6 18. Nc3 b5 19. a3 a5 20. b3 Rd7
21. Bb2 Rhd8 22. O-O-O b4 23. axb4 Bxb4 24. Kc2 Kb7 25. d3 Rc8 26. Kb1 exd3
1/2-1/2

[Event "Oberliga Ost A 2016 2017"]
[Site "Germany"]
[Date "2017.05.06"]
[Round "10.2"]
[White "Richter, Leonard"]
[Black "Schuetze, Norman"]
[Result "0-1"]
[WhiteElo "2282"]
[BlackElo "2322"]
[PlyCount "60"]
[EventDate "2016.10.16"]
[EventType "team-tourn"]
[EventCountry "GER"]
[WhiteTeam "Leipzig SG"]
[BlackTeam "Loeberitz SG"]
[WhiteTeamCountry "GER"]
[BlackTeamCountry "GER"]

1. e4 e5 2. Nf3 Nc6 3. d4 exd4 4. Nxd4 Nf6 5. Nxc6 bxc6 6. e5 Qe7 7. Qe2 Nd5 8.
c4 Ba6 9. Nd2 g6 10. Qe4 Nb6 11. b3 Bg7 12. f4 O-O 13. Bd3 f6 14. Bb2 fxe5 15.
fxe5 Rae8 16. Nf3 Na4 17. Bd4 Qb4+ 18. Kf1 c5 19. Bf2 Bb7 20. Qe1 Nc3 21. Qd2
Bxf3 22. gxf3 Rxf3 23. Rg1 Ref8 24. Rg2 Bxe5 25. Bxg6 hxg6 26. Rxg6+ Bg7 27.
Rxg7+ Kxg7 28. Qxd7+ Kh8 29. Qc6 Rxf2+ 30. Kg1 R2f6 0-1

[Event "Oberliga Ost A 2016 2017"]
[Site "Germany"]
[Date "2017.05.06"]
[Round "10.3"]
[White "Schindler, Christian"]
[Black "Boehnisch, Manfred"]
[Result "1/2-1/2"]
[WhiteElo "2251"]
[BlackElo "2302"]
[PlyCount "68"]
[EventDate "2016.10.16"]
[EventType "team-tourn"]
[EventCountry "GER"]
[WhiteTeam "Loeberitz SG"]
[BlackTeam "Leipzig SG"]
[WhiteTeamCountry "GER"]
[BlackTeamCountry "GER"]

1. d4 d5 2. Nf3 Nf6 3. c4 c6 4. e3 Bg4 5. Nc3 e6 6. h3 Bh5 7. Bd2 Nbd7 8. Rc1
Bd6 9. a3 a6 10. cxd5 exd5 11. Be2 O-O 12. O-O Re8 13. b4 Ne4 14. Be1 f5 15.
Nxe4 fxe4 16. Nd2 Bxe2 17. Qxe2 Qg5 18. Nb3 Re7 19. Na5 Nf8 20. a4 h5 21. Kh1
Ng6 22. Rg1 Qf5 23. b5 cxb5 24. axb5 Nh4 25. Nb3 Nf3 26. Rf1 Kh7 27. Nd2 Rf7
28. Nxf3 exf3 29. Qxf3 Qxf3 30. gxf3 Rxf3 31. Kg2 Rf6 32. bxa6 bxa6 33. Ba5
Raf8 34. Bc7 Rg6+ 1/2-1/2

[Event "Oberliga Ost A 2016 2017"]
[Site "Germany"]
[Date "2017.05.06"]
[Round "10.4"]
[White "Rausch, Stephan"]
[Black "Proehl, Holger"]
[Result "0-1"]
[WhiteElo "2277"]
[BlackElo "2360"]
[PlyCount "98"]
[EventDate "2016.10.16"]
[EventType "team-tourn"]
[EventCountry "GER"]
[WhiteTeam "Leipzig SG"]
[BlackTeam "Loeberitz SG"]
[WhiteTeamCountry "GER"]
[BlackTeamCountry "GER"]

1. d4 Nf6 2. Nf3 b5 3. e4 Nxe4 4. Bxb5 e6 5. O-O Be7 6. Nbd2 Nf6 7. Bd3 Bb7 8.
Qe2 c5 9. dxc5 Bxc5 10. Ne4 Be7 11. b3 O-O 12. Ne5 Nc6 13. Nxc6 Bxc6 14. Bb2
Nxe4 15. Bxe4 Bxe4 16. Qxe4 d5 17. Qd3 Rc8 18. Rfd1 Bf6 19. Rab1 Bxb2 20. Rxb2
Qa5 21. b4 Qb6 22. Qe3 Qb7 23. a4 Rc4 24. Rd4 Rfc8 25. Rxc4 Rxc4 26. h3 h6 27.
a5 d4 28. Qf3 Qc7 29. Qa8+ Kh7 30. Qe4+ g6 31. a6 Kg7 32. g3 e5 33. b5 Ra4 34.
Rb1 Qc5 35. Kg2 Ra2 36. h4 h5 37. Rb3 Rxc2 38. b6 d3 39. Qf3 e4 40. Qf4 axb6
41. a7 Ra2 42. a8=Q Rxa8 43. Qxe4 d2 44. Rd3 Ra2 45. Qf3 b5 46. Rd7 Qf5 47.
Qxf5 gxf5 48. Kf3 b4 49. Ke2 b3 0-1

[Event "Oberliga Ost A 2016 2017"]
[Site "Germany"]
[Date "2017.05.06"]
[Round "10.5"]
[White "Pallas, Sebastian"]
[Black "Liedtke, Matthias"]
[Result "1/2-1/2"]
[WhiteElo "2225"]
[BlackElo "2261"]
[PlyCount "78"]
[EventDate "2016.10.16"]
[EventType "team-tourn"]
[EventCountry "GER"]
[WhiteTeam "Loeberitz SG"]
[BlackTeam "Leipzig SG"]
[WhiteTeamCountry "GER"]
[BlackTeamCountry "GER"]

1. e4 e6 2. d4 d5 3. Nd2 Be7 4. c3 c5 5. exd5 Qxd5 6. Ngf3 cxd4 7. Bc4 Qh5 8.
Nxd4 Qxd1+ 9. Kxd1 Nf6 10. N2f3 O-O 11. Re1 a6 12. Bb3 Bd6 13. Bg5 Ng4 14. h3
h6 15. Bh4 Nf6 16. Kc2 g5 17. Bg3 Bxg3 18. fxg3 Nbd7 19. Rad1 Nc5 20. Ne5 Bd7
21. Rf1 Kg7 22. Rf3 Be8 23. Rdf1 Nfd7 24. Re3 Nxe5 25. Rxe5 Rc8 26. h4 gxh4 27.
gxh4 Bc6 28. Re3 Be4+ 29. Kc1 e5 30. Nf5+ Bxf5 31. Rxf5 Nxb3+ 32. axb3 f6 33.
g4 Rc6 34. Rd3 Rf7 35. Kd2 Rb6 36. Kc2 Re6 37. Kd2 Rb6 38. Kc2 Re6 39. Kd2 Rb6
1/2-1/2

[Event "Oberliga Ost A 2016 2017"]
[Site "Germany"]
[Date "2017.05.06"]
[Round "10.6"]
[White "Hoffmann, Hendrik"]
[Black "Niegsch, Nicolas"]
[Result "0-1"]
[WhiteElo "2298"]
[BlackElo "2191"]
[PlyCount "106"]
[EventDate "2016.10.16"]
[EventType "team-tourn"]
[EventCountry "GER"]
[WhiteTeam "Leipzig SG"]
[BlackTeam "Loeberitz SG"]
[WhiteTeamCountry "GER"]
[BlackTeamCountry "GER"]

1. e4 c5 2. c3 d5 3. exd5 Qxd5 4. Nf3 g6 5. d4 Bg7 6. Be3 Nf6 7. Bb5+ Bd7 8. c4
Qd6 9. Nc3 cxd4 10. Nxd4 O-O 11. h3 a6 12. Bxd7 Nbxd7 13. O-O Rfc8 14. Qb3 Ne5
15. c5 Rxc5 16. Rad1 Rcc8 17. Nf5 Qc7 18. Bb6 Nf3+ 19. gxf3 Qe5 20. Ng3 Qf4 21.
Nd5 Nxd5 22. Rxd5 e6 23. Rd7 h5 24. Qe3 Qa4 25. Rfd1 Rc6 26. Rd8+ Rxd8 27.
Rxd8+ Kh7 28. Ne4 f6 29. Rd7 e5 30. Bc5 Qb5 31. Ng5+ fxg5 32. Qxe5 Rf6 33.
Rxg7+ Kxg7 34. Bd4 Qxe5 35. Bxe5 Kf7 36. Bxf6 Kxf6 37. Kf1 Kf5 38. Ke1 Kf4 39.
Ke2 b6 40. b3 a5 41. a3 b5 42. b4 axb4 43. axb4 h4 44. Ke1 Kxf3 45. Kf1 g4 46.
hxg4 h3 47. Kg1 g5 48. Kh1 Kxf2 49. Kh2 Kf3 50. Kxh3 Kf4 51. Kh2 Kxg4 52. Kg2
Kf4 53. Kf2 Ke4 0-1

[Event "Oberliga Ost A 2016 2017"]
[Site "Germany"]
[Date "2017.05.06"]
[Round "10.7"]
[White "Schuster, Martin"]
[Black "Schultz, Andreas"]
[Result "1/2-1/2"]
[WhiteElo "2223"]
[BlackElo "2238"]
[PlyCount "73"]
[EventDate "2016.10.16"]
[EventType "team-tourn"]
[EventCountry "GER"]
[WhiteTeam "Loeberitz SG"]
[BlackTeam "Leipzig SG"]
[WhiteTeamCountry "GER"]
[BlackTeamCountry "GER"]

1. e4 e6 2. d4 d5 3. Nd2 c5 4. exd5 Qxd5 5. Ngf3 cxd4 6. Bc4 Qd6 7. O-O Nf6 8.
Nb3 Nc6 9. Nbxd4 Nxd4 10. Nxd4 a6 11. Bb3 Bd7 12. c3 O-O-O 13. Bg5 Qc7 14. Qf3
Bd6 15. h3 Be5 16. Bh4 Rhg8 17. Bg3 Bxg3 18. fxg3 e5 19. Nf5 Bc6 20. Qe3 Kb8
21. Nxg7 Rxg7 22. Rxf6 Rdg8 23. g4 h5 24. Raf1 hxg4 25. h4 g3 26. Rxf7 Rxf7 27.
Rxf7 Qd6 28. Rf5 Rg4 29. Qxe5 Qxe5 30. Rxe5 Rxh4 31. Rg5 Re4 32. Rxg3 Re2 33.
Rg5 Rxb2 34. g3 a5 35. Rxa5 Rg2+ 36. Kf1 Rxg3 37. Ke2 1/2-1/2

[Event "Oberliga Ost A 2016 2017"]
[Site "Germany"]
[Date "2017.05.06"]
[Round "10.8"]
[White "Heistermann, Till"]
[Black "Stein, Robert"]
[Result "1/2-1/2"]
[WhiteElo "2109"]
[BlackElo "2130"]
[PlyCount "27"]
[EventDate "2016.10.16"]
[EventType "team-tourn"]
[EventCountry "GER"]
[WhiteTeam "Leipzig SG"]
[BlackTeam "Loeberitz SG"]
[WhiteTeamCountry "GER"]
[BlackTeamCountry "GER"]

1. c4 Nf6 2. g3 e6 3. Bg2 d5 4. Nf3 Be7 5. O-O O-O 6. b3 b6 7. Bb2 Bb7 8. cxd5
Nxd5 9. d4 Nd7 10. Nbd2 a5 11. a3 c5 12. Rc1 N5f6 13. Qc2 a4 14. bxa4 1/2-1/2

[Event "Oberliga Ost A 2016 2017"]
[Site "Germany"]
[Date "2017.05.07"]
[Round "11.1"]
[White "Mueller, Richard"]
[Black "Cerveny, Martin"]
[Result "0-1"]
[WhiteElo "2170"]
[BlackElo "2384"]
[PlyCount "48"]
[EventDate "2016.10.16"]
[EventType "team-tourn"]
[EventCountry "GER"]
[WhiteTeam "Coswig TuS"]
[BlackTeam "Aue ESV Nickelhuette II"]
[WhiteTeamCountry "GER"]
[BlackTeamCountry "GER"]

1. d4 d6 2. e4 Nf6 3. f3 g6 4. c4 Bg7 5. Be3 O-O 6. Nc3 e5 7. d5 Nh5 8. Qd2
Qh4+ 9. g3 Nxg3 10. Qf2 Nxf1 11. Qxh4 Nxe3 12. Qf2 Nxc4 13. O-O-O Na6 14. Kb1
f5 15. Qe2 Nb6 16. h4 fxe4 17. fxe4 h5 18. Nf3 Bg4 19. Rdf1 Rf4 20. Qg2 Nc4 21.
Nd1 Rxf3 22. b3 Ne3 23. Nxe3 Rxe3 24. Re1 Bf3 0-1

[Event "Oberliga Ost A 2016 2017"]
[Site "Germany"]
[Date "2017.05.07"]
[Round "11.2"]
[White "Rosko, Lubos"]
[Black "Pietsch, Michael"]
[Result "1/2-1/2"]
[WhiteElo "2345"]
[BlackElo "2146"]
[PlyCount "56"]
[EventDate "2016.10.16"]
[EventType "team-tourn"]
[EventCountry "GER"]
[WhiteTeam "Aue ESV Nickelhuette II"]
[BlackTeam "Coswig TuS"]
[WhiteTeamCountry "GER"]
[BlackTeamCountry "GER"]

1. d4 Nf6 2. c4 e6 3. Nf3 b6 4. a3 Ba6 5. Qc2 Bb7 6. Nc3 c5 7. e4 cxd4 8. Nxd4
Bc5 9. Nb3 Nc6 10. Bg5 h6 11. Bh4 Nd4 12. Nxd4 Bxd4 13. Bd3 Qb8 14. Bg3 Be5 15.
O-O-O Nh5 16. Bxe5 Qxe5 17. g3 g5 18. Rhf1 Bc6 19. Qe2 Nf6 20. f4 gxf4 21. gxf4
Qh5 22. Qd2 O-O-O 23. e5 Ng4 24. Be2 Qh3 25. c5 Kb7 26. Bxg4 Qxg4 27. cxb6 axb6
28. Qd4 Qf5 1/2-1/2

[Event "Oberliga Ost A 2016 2017"]
[Site "Germany"]
[Date "2017.05.07"]
[Round "11.3"]
[White "Schweitzer, Andreas"]
[Black "Pulpan, Jakub"]
[Result "1/2-1/2"]
[WhiteElo "2210"]
[BlackElo "2337"]
[PlyCount "26"]
[EventDate "2016.10.16"]
[EventType "team-tourn"]
[EventCountry "GER"]
[WhiteTeam "Coswig TuS"]
[BlackTeam "Aue ESV Nickelhuette II"]
[WhiteTeamCountry "GER"]
[BlackTeamCountry "GER"]

1. e4 c5 2. Nf3 d6 3. d4 cxd4 4. Nxd4 Nf6 5. Nc3 a6 6. h3 e5 7. Nde2 h5 8. Bg5
Be6 9. Ng3 Nbd7 10. Qf3 Rc8 11. Bd3 Qb6 12. O-O Qxb2 13. Nd5 h4 1/2-1/2

[Event "Oberliga Ost A 2016 2017"]
[Site "Germany"]
[Date "2017.05.07"]
[Round "11.4"]
[White "Jurasek, Miroslav"]
[Black "Escher, Thomas"]
[Result "1-0"]
[WhiteElo "2320"]
[BlackElo "2181"]
[PlyCount "43"]
[EventDate "2016.10.16"]
[EventType "team-tourn"]
[EventCountry "GER"]
[WhiteTeam "Aue ESV Nickelhuette II"]
[BlackTeam "Coswig TuS"]
[WhiteTeamCountry "GER"]
[BlackTeamCountry "GER"]

1. d4 d5 2. Nf3 e6 3. e3 c5 4. Bd3 Nc6 5. b3 Qc7 6. a3 Nf6 7. Bb2 b5 8. Bxb5
Bd7 9. O-O Rb8 10. a4 Ne4 11. Nbd2 Nd6 12. Bxc6 Qxc6 13. Ne5 Qc7 14. dxc5 Qxc5
15. Nxd7 Kxd7 16. Nf3 f6 17. Nd4 h5 18. Qd3 Be7 19. Ba3 Qb6 20. Rfd1 Ne4 21. a5
Qd8 22. Qa6 1-0

[Event "Oberliga Ost A 2016 2017"]
[Site "Germany"]
[Date "2017.05.07"]
[Round "11.6"]
[White "Heinz, Juergen"]
[Black "Hofmann, Rares"]
[Result "1/2-1/2"]
[WhiteElo "2220"]
[BlackElo "2081"]
[PlyCount "36"]
[EventDate "2016.10.16"]
[EventType "team-tourn"]
[EventCountry "GER"]
[WhiteTeam "Aue ESV Nickelhuette II"]
[BlackTeam "Coswig TuS"]
[WhiteTeamCountry "GER"]
[BlackTeamCountry "GER"]

1. c4 e5 2. Nc3 Nf6 3. g3 c6 4. d4 exd4 5. Qxd4 d5 6. Bg5 Be7 7. e3 c5 8. Qd3
d4 9. exd4 cxd4 10. Bxf6 Bxf6 11. Nd5 Be6 12. Bg2 Bxd5 13. Bxd5 Nc6 14. Bxc6+
bxc6 15. Ne2 O-O 16. O-O Qb6 17. b3 a5 18. Rab1 Qc5 1/2-1/2

[Event "Oberliga Ost A 2016 2017"]
[Site "Germany"]
[Date "2017.05.07"]
[Round "11.8"]
[White "Heinz, Thomas"]
[Black "Poenisch, Johannes"]
[Result "1-0"]
[WhiteElo "2144"]
[BlackElo "1988"]
[PlyCount "79"]
[EventDate "2016.10.16"]
[EventType "team-tourn"]
[EventCountry "GER"]
[WhiteTeam "Aue ESV Nickelhuette II"]
[BlackTeam "Coswig TuS"]
[WhiteTeamCountry "GER"]
[BlackTeamCountry "GER"]

1. e4 c5 2. Nc3 e6 3. g3 Nc6 4. Bg2 Nf6 5. f4 d6 6. d3 Be7 7. Nf3 a6 8. O-O O-O
9. h3 Qc7 10. g4 b5 11. Ne2 Bb7 12. c3 c4 13. g5 cxd3 14. Qxd3 Nd7 15. Ng3 Rfd8
16. Be3 Nc5 17. Qe2 Bf8 18. Rad1 Ne7 19. Nd4 Rac8 20. Qg4 e5 21. Ndf5 Ng6 22.
h4 Nxf4 23. Nh6+ Kh8 24. Bxf4 exf4 25. Rxf4 gxh6 26. Rdf1 Rd7 27. Qh5 Ne6 28.
Rxf7 Rxf7 29. Rxf7 Qc5+ 30. Kh1 Qe3 31. Qg4 Rb8 32. g6 Ng7 33. Nf5 Nxf5 34.
Rxh7+ Kg8 35. Qxf5 Qe1+ 36. Kh2 Qxh4+ 37. Bh3 Qxh3+ 38. Qxh3 Bc8 39. Qf3 Be6
40. Qf6 1-0

[Event "Oberliga Ost A 2016 2017"]
[Site "Germany"]
[Date "2017.05.07"]
[Round "11.1"]
[White "Zwahr, Paul"]
[Black "Schmidt Schaeffer, Sebastian"]
[Result "1/2-1/2"]
[WhiteElo "2318"]
[BlackElo "2383"]
[PlyCount "20"]
[EventDate "2016.10.16"]
[EventType "team-tourn"]
[EventCountry "GER"]
[WhiteTeam "Dresden SG Gruen Weiss"]
[BlackTeam "Naumburger SV"]
[WhiteTeamCountry "GER"]
[BlackTeamCountry "GER"]

1. e4 d6 2. d4 Nf6 3. Nc3 e5 4. Nf3 Nbd7 5. Bc4 Be7 6. a4 O-O 7. O-O c6 8. h3
h6 9. Re1 Re8 10. dxe5 Nxe5 1/2-1/2

[Event "Oberliga Ost A 2016 2017"]
[Site "Germany"]
[Date "2017.05.07"]
[Round "11.2"]
[White "Gering, Samuel"]
[Black "Siedentopf, Daniel"]
[Result "1/2-1/2"]
[WhiteElo "2079"]
[BlackElo "2292"]
[PlyCount "75"]
[EventDate "2016.10.16"]
[EventType "team-tourn"]
[EventCountry "GER"]
[WhiteTeam "Naumburger SV"]
[BlackTeam "Dresden SG Gruen Weiss"]
[WhiteTeamCountry "GER"]
[BlackTeamCountry "GER"]

1. d4 f5 2. c4 Nf6 3. Nc3 d6 4. Nf3 g6 5. g3 Bg7 6. Bg2 O-O 7. O-O Qe8 8. d5 a5
9. Nd4 Na6 10. e4 fxe4 11. Nxe4 Nxe4 12. Bxe4 Bh3 13. Bg2 Bxg2 14. Kxg2 Nc5 15.
Be3 Qf7 16. Qd2 a4 17. Rae1 Qf6 18. Nb5 c6 19. Nc7 Rac8 20. Bxc5 Rxc7 21. Bb6
Rcc8 22. Re2 c5 23. Ba5 Rce8 24. Bc3 Qf3+ 25. Kg1 Bxc3 26. bxc3 Qg4 27. f4 h5
28. Re3 g5 29. Ref3 Rf7 30. Kg2 Ref8 31. Qe3 gxf4 32. Rxf4 Rxf4 33. Rxf4 Rxf4
34. Qxf4 Qe2+ 35. Kh3 Qxa2 36. Qg5+ Kf8 37. Qf5+ Kg7 38. Qg5+ 1/2-1/2

[Event "Oberliga Ost A 2016 2017"]
[Site "Germany"]
[Date "2017.05.07"]
[Round "11.3"]
[White "Gehmlich, Marcel"]
[Black "Heinrich, Julius Tobias"]
[Result "1/2-1/2"]
[WhiteElo "2194"]
[BlackElo "2055"]
[PlyCount "27"]
[EventDate "2016.10.16"]
[EventType "team-tourn"]
[EventCountry "GER"]
[WhiteTeam "Dresden SG Gruen Weiss"]
[BlackTeam "Naumburger SV"]
[WhiteTeamCountry "GER"]
[BlackTeamCountry "GER"]

1. c4 e6 2. Nf3 f5 3. d4 Nf6 4. e3 Be7 5. Bd3 d5 6. O-O c6 7. b3 O-O 8. Ba3 Ne4
9. Bxe7 Qxe7 10. Ne5 Nd7 11. Nxd7 Bxd7 12. f3 Nd6 13. Nc3 Qf6 14. Ne2 1/2-1/2

[Event "Oberliga Ost A 2016 2017"]
[Site "Germany"]
[Date "2017.05.07"]
[Round "11.4"]
[White "Huth, Volkmar"]
[Black "Nake, Matthias"]
[Result "1/2-1/2"]
[WhiteElo "2127"]
[BlackElo "2217"]
[PlyCount "23"]
[EventDate "2016.10.16"]
[EventType "team-tourn"]
[EventCountry "GER"]
[WhiteTeam "Naumburger SV"]
[BlackTeam "Dresden SG Gruen Weiss"]
[WhiteTeamCountry "GER"]
[BlackTeamCountry "GER"]

1. c4 Nf6 2. Nc3 g6 3. d4 d5 4. cxd5 Nxd5 5. e4 Nxc3 6. bxc3 Bg7 7. Bc4 O-O 8.
Ne2 c5 9. O-O Nc6 10. Be3 cxd4 11. cxd4 Bg4 12. f3 1/2-1/2

[Event "Oberliga Ost A 2016 2017"]
[Site "Germany"]
[Date "2017.05.07"]
[Round "11.5"]
[White "Hutsch, Oliver"]
[Black "Fritsch, Andreas"]
[Result "1-0"]
[WhiteElo "2119"]
[BlackElo "2066"]
[PlyCount "85"]
[EventDate "2016.10.16"]
[EventType "team-tourn"]
[EventCountry "GER"]
[WhiteTeam "Dresden SG Gruen Weiss"]
[BlackTeam "Naumburger SV"]
[WhiteTeamCountry "GER"]
[BlackTeamCountry "GER"]

1. d4 Nc6 2. Nf3 d5 3. g3 Bg4 4. Bg2 e6 5. O-O Be7 6. c3 Nf6 7. Qb3 Na5 8. Qa4+
c6 9. Nbd2 b5 10. Qd1 Nd7 11. e4 O-O 12. h3 Bh5 13. g4 Bg6 14. Qe2 Nc4 15. a4
Nxd2 16. Nxd2 bxa4 17. f4 Bxe4 18. Nxe4 dxe4 19. Bxe4 Qc7 20. Rxa4 Nb6 21. Ra1
a5 22. Qf3 Nd5 23. Bd2 Rac8 24. c4 Nb4 25. c5 Bf6 26. Bc3 Qd7 27. Rfd1 Bd8 28.
Bxb4 axb4 29. Ra6 Be7 30. Bxc6 Qd8 31. Be4 Bf6 32. Qd3 h6 33. Kg2 Qc7 34. Qe3
Rcd8 35. Rc6 Qa5 36. g5 hxg5 37. fxg5 Be7 38. h4 f5 39. Bf3 Qa2 40. Rd2 f4 41.
Qe2 Qb3 42. d5 Rde8 43. Rxe6 1-0

[Event "Oberliga Ost A 2016 2017"]
[Site "Germany"]
[Date "2017.05.07"]
[Round "11.7"]
[White "Rudolf, Matthias"]
[Black "Muekke, Jens Frieder"]
[Result "1-0"]
[WhiteElo "2069"]
[BlackElo "1969"]
[PlyCount "43"]
[EventDate "2016.10.16"]
[EventType "team-tourn"]
[EventCountry "GER"]
[WhiteTeam "Dresden SG Gruen Weiss"]
[BlackTeam "Naumburger SV"]
[WhiteTeamCountry "GER"]
[BlackTeamCountry "GER"]

1. e4 e6 2. d4 d5 3. Nc3 Bb4 4. exd5 exd5 5. Qf3 Nc6 6. Bb5 Be6 7. Nge2 Nge7 8.
Bg5 Qd7 9. h3 f6 10. Bf4 O-O-O 11. a3 Bd6 12. O-O-O Bf7 13. Bxd6 Qxd6 14. Na4
a6 15. Bxc6 Qxc6 16. Nc5 Bg6 17. Nf4 Bxc2 18. Kxc2 b6 19. Qg4+ Kb8 20. Qe6 g5
21. Qxc6 Nxc6 22. Nxa6+ 1-0

[Event "Oberliga Ost A 2016 2017"]
[Site "Germany"]
[Date "2017.05.07"]
[Round "11.1"]
[White "Wegener, Dirk"]
[Black "Kuchynka, Lukas"]
[Result "1-0"]
[WhiteElo "2349"]
[BlackElo "2260"]
[PlyCount "75"]
[EventDate "2016.10.16"]
[EventType "team-tourn"]
[EventCountry "GER"]
[WhiteTeam "Dresden USV TU II"]
[BlackTeam "Magdeburg SV Rochade"]
[WhiteTeamCountry "GER"]
[BlackTeamCountry "GER"]

1. e4 b6 2. d4 Bb7 3. Bd3 Nf6 4. f3 e6 5. Ne2 c5 6. c3 Qc8 7. O-O Be7 8. Bg5 h6
9. Bh4 g5 10. Bf2 d6 11. Nd2 Nbd7 12. Rc1 Qc7 13. b4 Nh5 14. bxc5 bxc5 15. Rb1
Bc6 16. Nc4 O-O 17. Bc2 Nb6 18. Qd3 f5 19. exf5 exf5 20. Ne3 Ng7 21. Ng3 Bd7
22. dxc5 dxc5 23. Nd5 Nxd5 24. Bb3 Kh8 25. Bxd5 Rab8 26. c4 Rfd8 27. Ne2 Bd6
28. f4 g4 29. Bh4 Re8 30. Bf6 Kh7 31. Ba1 Bf8 32. Rxb8 Rxb8 33. Be5 Qb6 34.
Bxb8 Qxb8 35. Rb1 Qe8 36. Rb7 Bc8 37. Rxa7 Be7 38. Qe3 1-0

[Event "Oberliga Ost A 2016 2017"]
[Site "Germany"]
[Date "2017.05.07"]
[Round "11.2"]
[White "Tuma, Jakub"]
[Black "Gungl, Theo"]
[Result "0-1"]
[WhiteElo "2261"]
[BlackElo "2326"]
[PlyCount "64"]
[EventDate "2016.10.16"]
[EventType "team-tourn"]
[EventCountry "GER"]
[WhiteTeam "Magdeburg SV Rochade"]
[BlackTeam "Dresden USV TU II"]
[WhiteTeamCountry "GER"]
[BlackTeamCountry "GER"]

1. e4 c5 2. Nf3 d6 3. d4 cxd4 4. Nxd4 Nf6 5. Nc3 a6 6. Bc4 e6 7. Be3 Qc7 8. Qe2
b5 9. Bb3 Nbd7 10. g4 Nc5 11. g5 Nfxe4 12. Nxe4 Nxe4 13. O-O-O Bb7 14. Rhg1 d5
15. f4 O-O-O 16. Qg4 Kb8 17. Rge1 Bb4 18. c3 Bc5 19. Kb1 g6 20. Qg1 Rc8 21. Re2
Ka8 22. a4 bxa4 23. Bxa4 Qa5 24. Bc2 Nxc3+ 25. bxc3 Bxd4 26. Bxd4 Qb5+ 27. Kc1
Qxe2 28. Bxh8 Rxh8 29. Qd4 Rc8 30. Rd2 Qc4 31. Kb2 Qxd4 32. cxd4 h6 0-1

[Event "Oberliga Ost A 2016 2017"]
[Site "Germany"]
[Date "2017.05.07"]
[Round "11.3"]
[White "Kukel, Imre"]
[Black "Jaeger, Dominik"]
[Result "1-0"]
[WhiteElo "2251"]
[BlackElo "2280"]
[PlyCount "87"]
[EventDate "2016.10.16"]
[EventType "team-tourn"]
[EventCountry "GER"]
[WhiteTeam "Dresden USV TU II"]
[BlackTeam "Magdeburg SV Rochade"]
[WhiteTeamCountry "GER"]
[BlackTeamCountry "GER"]

1. e4 c5 2. Nf3 d6 3. d4 cxd4 4. Nxd4 Nf6 5. Nc3 e6 6. Be2 Be7 7. O-O O-O 8.
Be3 a6 9. f4 Nc6 10. Qe1 Qc7 11. Qg3 d5 12. e5 Nxd4 13. Bxd4 Nd7 14. f5 Bc5 15.
Bxc5 Qxc5+ 16. Kh1 exf5 17. Rxf5 Nb6 18. Rg5 g6 19. Re1 Nc4 20. h4 Be6 21. h5
Rae8 22. Bd3 Re7 23. Qf4 Rc7 24. Qf6 Qe7 25. Qxe7 Rxe7 26. Bxc4 dxc4 27. Ne4
Bf5 28. Nf6+ Kg7 29. Rg3 Rd8 30. Rc3 Rd4 31. h6+ Kh8 32. b3 Rh4+ 33. Kg1 Rxh6
34. Rxc4 g5 35. Kf2 Kg7 36. g4 Be6 37. Rd4 Rh2+ 38. Kg3 Rxc2 39. Rh1 h6 40. Rd8
Rc3+ 41. Kf2 Rc8 42. Rxc8 Bxc8 43. Rc1 Be6 44. Rd1 1-0